| 000 | 00644nam a22002297a 4500 | ||
|---|---|---|---|
| 001 | 0074 | ||
| 003 | DO-SdBNP | ||
| 005 | 20171214101400.0 | ||
| 007 | 0074 | ||
| 008 | 151118b ag 1994 xxu||||| |||| 00| 0 spa d | ||
| 020 | _a9780060951559 | ||
| 040 |
_aBPMSU _bspa _cBPMSU |
||
| 092 |
_axxxxxxx _bxxxxxxx |
||
| 100 | 1 | 0 | _aCastaneda, Carlos |
| 245 | 1 | 3 |
_aEl arte de ensoñar / _cCarlos Castaneda ; traducción Nayely Tycho Thal |
| 260 |
_aBuenos Aires : _bHarperlibros, _c1994. |
||
| 300 |
_a296 p. : _c20 cm. |
||
| 700 | 1 | 0 |
_aTycho Thal, Nayely, _etr. |
| 942 |
_2ddc _cBK |
||
| 945 | _ainventariado extranjero / DG | ||
| 956 | _aBrenda Tavárez | ||
| 999 |
_c8795 _d8795 |
||